Graphs, Networks and Algorithms (Record no. 1116)

MARC details
000 -LEADER
Fixed length control field 00488nam a2200181 4500
003 - CONTROL NUMBER IDENTIFIER
Control field SEACOMEC
005 - DATE AND TIME OF LATEST TRANSACTION
Control field 20240516110453.0
008 - FIXED-LENGTH DATA ELEMENTS--GENERAL INFORMATION
Fixed length control field 240516b |||||||| |||| 00| 0 eng d
020 ## - INTERNATIONAL STANDARD BOOK NUMBER / ISBN
International Standard Book Number 3540637605 .
Price Rs.895.00
040 ## - CATALOGING SOURCE
Original cataloging agency SEACOMEC
082 ## - DEWEY DECIMAL CLASSIFICATION NUMBER
Classification number 511.8
Book Number J95
100 ## - MAIN ENTRY--PERSONAL NAME
Personal name Jungnickel, Dieter.
245 1# - TITLE STATEMENT
Title Graphs, Networks and Algorithms
Statement of responsibility Dieter Jungnickel
250 ## - EDITION STATEMENT
Edition statement 2nd ed.
260 ## - IMPRINT
Place of publication : New Delhi
Name of publisher Springer
Date of publication 2006
650 ## - SUBJECT ADDED ENTRY--TOPICAL TERM
Topical term | Computational Mathematics
942 ## - ADDED ENTRY ELEMENTS (KOHA)
Koha item type Books
Holdings
Withdrawn status Lost status Source of classification Damaged status Not for loan Home library Current library Date acquired Total Checkouts Call number Accession number Date last seen Price effective from Koha item type
    Dewey Decimal Classification     SEACOM ENGINEERING COLLEGE SEACOM ENGINEERING COLLEGE 10/12/2007   511.8 J95 8837 16/05/2024 16/05/2024 Books
© Seacom Engineering College, All rights reserved.      Powered by Koha